Logo BPK

Biblioteka

Politechniki Koszalińskiej

Clear speech : (Rekord nr 41401)

Szczegóły MARC
000 -ETYKIETA REKORDU
podpole kontrolne o stałej długości 00781nam a2200229 i 4500
001 - NUMER KONTROLNY REKORDU
pole kontrolne bgj
020 ## - MIĘDZYNARODOWY ZNORMALIZOWANY NUMER KSIĄŻKI - ISBN
ISBN 052128791X (pbk)
040 ## - ŹRÓDŁO KATALOGOWANIA
Instytucja, która utworzyła rekord BPK
041 0# - KOD JĘZYKA
Kod języka tekstu eng
920 ## - Międzynarodowy znormalizowany numer książki – ISBN
ISBN 0-521-28791-X (pbk)
008 - POLE O STAŁEJ DŁUGOŚCI - DANE KONTROLNE
podpole kontrolne o stałej długości s uk f |000 0 eng
100 1# - NAZWA OSOBOWA
Nazwa osobowa GILBERT, Judy B.
245 10 - TYTUŁ/ODPOWIEDZIALNOŚĆ
Tytuł Clear speech :
Ciąg dalszy tytułu pronunciation and listening comprehension in American English : teacher's manual and answer key /
Pozostałe elementy strefy tytułu i oznaczenia odpowiedzialności Judy B. Gilbert.
250 ## - STREFA WYDANIA
Oznaczenie wydania [6th print.].
260 ## - STREFA ADRESU WYDAWNICZEGO
Miejsce wydania Cambridge ; New York :
Nazwa wydawcy/dystrybutora Cambridge Univ. Press,
Data publikacji, dystrybucji/powstania dokumentu 1991.
300 ## - STREFA OPISU FIZYCZNEGO
Objętość VII, 67 pp ;
Rozmiary 26 cm.
500 ## - UWAGI OGÓLNE
Tekst uwagi 1st publ. 1984.
504 ## - UWAGA DOTYCZĄCA BIBLIOGRAFII
Informacje o bibliografii Bibliography pp 66-67.
650 #9 - HASŁO PRZEDMIOTOWE W FORMIE NAZWY OGÓLNEJ LUB JEDNOSTKOWEJ
Nazwa ogólna lub geograficzna English language
-- American English
Określnik ogólny Pronunciation
-- American English
Określnik geograficzny United States
655 ## - TERMIN INDEKSOWY - OKREŚLENIE RODZAJU/FORMY DOKUMENTU
Określenie rodzaju/formy dokumentu Textbooks for foreigners
942 ## - DODATKOWE ELEMENTY (KOHA)
Typ dokumentu Książka
Egzemplarze
Wycofany Status egzemplarza Uszkodzony Dostępność Lokalizacja stała Lokalizacja bieżąca Miejsce przechowywania Sygnatura Kod kreskowy Dział Typ dokumentu
      Tylko na miejscu Biblioteka Politechniki Koszalińskiej Biblioteka Politechniki Koszalińskiej Czytelnia Wydziałowa ul. Kwiatkowskiego 6e KA 2312 09003149 811.111'34 Język angielski - fonetyka Książka
      Tylko na miejscu Biblioteka Politechniki Koszalińskiej Biblioteka Politechniki Koszalińskiej Czytelnia Wydziałowa ul. Kwiatkowskiego 6e K 22 09085183   Kaseta magnetofonowa
      Tylko na miejscu Biblioteka Politechniki Koszalińskiej Biblioteka Politechniki Koszalińskiej Czytelnia Wydziałowa ul. Kwiatkowskiego 6e K 23 09085176   Kaseta magnetofonowa
© 2023 Biblioteka Politechniki Koszalińskiej :: KOHA